42長崎県の市町村(選択形式) - Statistics

General Stats
  • This quiz has been taken 32 times
  • The average score is 15 of 21
Answers on the Map
Answers color-coded by a green-red scale on the quiz's map according to % correct below.
 
Answer Stats
Answer % Correct
03:島原市
96%
13:南島原市
88%
01:長崎市
83%
02:佐世保市
83%
06:平戸市
79%
12:雲仙市
79%
21:新上五島町
79%
04:諫早市
75%
07:松浦市
75%
08:対馬市
75%
17:川棚町
75%
09:壱岐市
71%
10:五島市
71%
11:西海市
71%
05:大村市
67%
16:東彼杵町
67%
20:佐々町
67%
14:長与町
63%
19:小値賀町
63%
15:時津町
58%
18:波佐見町
58%
No matching quizzes found
Score Distribution
Percent of People with Each Score
Percentile by Number Answered
Your Score History
You have not taken this quiz